[Event "Ruhrgebiet-ch U16"]
[Site "Muelheim"]
[Date "2002.03.25"]
[Round "4"]
[White "Kaminorz, Sven"]
[Black "Tihonenkov, Nikolaj"]
[Result "1/2-1/2"]
[WhiteElo "1257"]
[BlackElo "1268"]
[PlyCount "62"]
[EventDate "2002.??.??"]
[EventType "swiss"]
[EventRounds "7"]
[EventCountry "GER"]
[SourceTitle "EXT 2003"]
[Source "ChessBase"]
[SourceDate "2002.11.25"]
[SourceVersion "1"]
[SourceVersionDate "2002.11.25"]
[SourceQuality "1"]

1. c4 c6 2. Nc3 d5 3. cxd5 cxd5 4. d4 Bf5 5. Bf4 e6 6. e3 Bb4 7. Bb5+ Nd7 8. Nge2 a6 9. Bd3 Bxd3 10. Qxd3 Ngf6 11. 0-0 0-0 12. b3 Bxc3 13. Nxc3 Qe7 14. b4 Rac8 15. h3 Rc6 16. Rac1 Rfc8 17. Rc2 Rc4 18. Rfc1 Nb6 19. Nb1 Rxc2 20. Rxc2 Qd7 21. f3 h6 22. Nd2 Qd8 23. Qb3 Qd7 24. Kf2 Rxc2 25. Qxc2 Qc8 26. Qxc8+ Nxc8 27. Ke2 Kf8 28. Kd3 Ke7 29. Be5 g6 30. Bxf6+ Kxf6 31. Nb3 b6 1/2-1/2